| 000 | nam a22 a 4500 | ||
|---|---|---|---|
| 999 |
_c2451 _d2451 |
||
| 003 | AKMAL | ||
| 005 | 20170516144837.0 | ||
| 008 | 170516s2009 my | e l 000 0 eng d | ||
| 020 |
_a967701224X : _cRM160.00 |
||
| 020 | _a9789677012240 | ||
| 040 | _aAKMAL | ||
| 082 | 0 | 4 |
_a343.595056 CUS _222 |
| 090 | 0 | 0 |
_a343.595056 _bCUS |
| 110 | 2 |
_aMalaysia _9400 |
|
| 245 | 1 | 0 |
_aCustoms Duties (Goods of Asean Countries Origin) (Asean Harmonized Tariff Nomenclature and Common Effective Preferential Tariff) Order 2007 : _ball amendments up to 10 June 2009 / _ccompiled by MDC Customs Updating Service Dept. |
| 260 |
_aKuala Lumpur : _bMDC Publishers, _c2009 |
||
| 300 |
_axix, 1158p. ; _c19x30cm. |
||
| 650 | 1 | 0 |
_aTariff _xLaw and legislation _zMalaysia _920 |
| 650 | 2 | 0 |
_aSales tax _xLaw and legislation _zMalaysia _9621 |
| 650 | 2 | 0 |
_aCustoms administration _xLaw and legislation _zMalaysia _95074 |
| 942 |
_2ddc _cBOOK |
||
| 950 | _lAKMAL | ||